[Event "Junior Online 4NCL Division 4"]
[Site "online"]
[Date "2021.08.19"]
[EventDate "2021.08.19"]
[Round "1.148"]
[White "Li, Leo"]
[WhiteElo "1289"]
[WhiteTeam "London Dragons Californium"]
[Black "Patel, Ananya"]
[BlackElo "1104"]
[BlackTeam "Chess Challengers D"]
[Result "1/2-1/2"]
[PlyCount "169"]

1. Nf3 e6 2. Nc3 Nf6 3. e4 g6 4. d4 d6 5. Bf4 Bg7 6. e5 dxe5 7. Bxe5 O-O 8. Bd3 Nc6 9. Bb5 Nxe5 10. dxe5 Qxd1+ 11. Rxd1 b6 12. exf6 Bxf6 13. Bc6 Rb8 14. Bd7 Bb7 15. Nb5 c6 16. Nc7 Bxb2 17. O-O c5 18. Ng5 Bf6 19. Nh3 Be4 20. Rd2 Rbd8 21. Rc1 Bc6 22. Rcd1 Bxd7 23. Rxd7 Rxd7 24. Rxd7 Bd4 25. Nb5 Bg7 26. g3 a6 27. Nc7 a5 28. Rd6 Rb8 29. Na6 Rb7 30. Kg2 Be5 31. Rc6 Kf8 32. Ng1 Ke7 33. f4 Bd4 34. Rc8 f5 35. Nf3 Bf6 36. Nd2 e5 37. fxe5 Bxe5 38. Nc4 Bd4 39. Rc7+ Rxc7 40. Nxc7 Kd7 41. Nd5 Kc6 42. Ndxb6 Kb5 43. Kf3 a4 44. Ke2 h6 45. Kd3 g5 46. Nd5 Kc6 47. Ne7+ Kb5 48. Nxf5 Kb4 49. Nxh6 a3 50. Nf5 Bf6 51. h4 gxh4 52. gxh4 Kb5 53. h5 Kb4 54. h6 Bh8 55. h7 Ka4 56. Nh6 Bg7 57. Nf7 Kb4 58. h8=Q Bxh8 59. Nxh8 Ka4 60. Nf7 Kb4 61. Nd2 Kb5 62. c4+ Kb4 63. Nd6 Ka4 64. Nb7 Kb4 65. Nb3 Ka4 66. N3xc5+ Kb4 67. Ne6 Ka4 68. c5 Kb5 69. Nd6+ Kc6 70. Nc4 Kd7 71. Nd4 Kc7 72. Kc3 Kd7 73. c6+ Kc7 74. Kb4 Kc8 75. Nxa3 Kc7 76. Nab5+ Kc8 77. a4 Kb8 78. a5 Ka8 79. a6 Kb8 80. c7+ Kc8 81. a7 Kb7 82. Nb3 Kb6 83. Kc4 Kb7 84. c8=B+ Ka8 85. Na5 1/2-1/2

[Event "Junior Online 4NCL Division 4"]
[Site "online"]
[Date "2021.08.19"]
[EventDate "2021.08.19"]
[Round "1.151"]
[White "Beer, James"]
[WhiteElo "1275"]
[WhiteTeam "Colchester Juniors C"]
[Black "Lipman, Zak"]
[BlackElo "1127"]
[BlackTeam "Leeds Juniors 4"]
[Result "1-0"]
[PlyCount "45"]

1. e4 c5 2. Nf3 Nc6 3. Bc4 g6 4. Ng5 e6 5. d3 Bg7 6. Qf3 f6 7. Nh3 f5 8. exf5 gxf5 9. Nc3 d5 10. Bb5 Ne7 11. Bg5 h6 12. Bh4 Bd7 13. O-O a6 14. Ba4 Qa5 15. Bxc6 Bxc6 16. Ne2 Bxb2 17. Qh5+ Kd7 18. Qf7 Rhe8 19. Rab1 Qxa2 20. Nhf4 Kd6 21. Qxe6+ Kc7 22. Bxe7 Kb6 23. Qf6 1-0

[Event "Junior Online 4NCL Division 4"]
[Site "online"]
[Date "2021.08.19"]
[EventDate "2021.08.19"]
[Round "1.152"]
[White "Maniyar, Arnav"]
[WhiteElo "1200"]
[WhiteTeam "Leeds Juniors 4"]
[Black "Chung, Vince"]
[BlackElo "1157"]
[BlackTeam "Colchester Juniors C"]
[Result "1-0"]
[PlyCount "77"]

1. d4 d5 2. Bf4 Nc6 3. Nf3 Bf5 4. e3 Qd7 5. Bd3 Nf6 6. c3 O-O-O 7. Qc2 Bxd3 8. Qxd3 Ne4 9. Nbd2 f5 10. Ng5 Rg8 11. Nxh7 Qe6 12. Ng5 Nxg5 13. Bxg5 g6 14. O-O-O Rh8 15. h4 Bh6 16. Bxh6 Rxh6 17. g3 Rdh8 18. Nf3 Nd8 19. Ng5 Qf6 20. f4 Ne6 21. Nxe6 Qxe6 22. Rd2 Qf6 23. Rdh2 Qb6 24. Kb1 e6 25. Qe2 a5 26. h5 a4 27. hxg6 a3 28. Rxh6 Rxh6 29. Rxh6 axb2 30. Qxb2 Qd6 31. Rh8+ Kd7 32. g7 Qe7 33. g8=Q Kd6 34. Qf8 Qxf8 35. Rxf8 Kc6 36. Rf6 Kd6 37. Qxb7 Kd7 38. Rf7+ Kd6 39. Qxc7# 1-0

[Event "Junior Online 4NCL Division 4"]
[Site "online"]
[Date "2021.08.19"]
[EventDate "2021.08.19"]
[Round "1.153"]
[White "Wilde, Grace"]
[WhiteElo "746"]
[WhiteTeam "Colchester Juniors C"]
[Black "Elsabbagh, Ahmed"]
[BlackElo "1123"]
[BlackTeam "Leeds Juniors 4"]
[Result "0-1"]
[PlyCount "66"]

1. e4 e6 2. Bc4 d5 3. exd5 exd5 4. Be2 Nf6 5. Nf3 Bc5 6. d4 Bb6 7. Nc3 O-O 8. Bf4 Re8 9. O-O c5 10. dxc5 Bxc5 11. Bd3 Bd6 12. Bxd6 Qxd6 13. Re1 Nc6 14. Rxe8+ Nxe8 15. Qe1 Bg4 16. Qe3 d4 17. Nxd4 Nxd4 18. Re1 Qd8 19. Nd5 Nf5 20. Bxf5 Bxf5 21. Nb4 h6 22. Qe2 a5 23. Nd3 Nf6 24. Ne5 Qc7 25. Nd3 Re8 26. Qxe8+ Nxe8 27. Rxe8+ Kh7 28. Ne5 f6 29. Nf3 Bg6 30. Re2 Bxc2 31. Rxc2 Qxc2 32. b3 Qc1+ 33. Ne1 Qxe1# 0-1

[Event "Junior Online 4NCL Division 4"]
[Site "online"]
[Date "2021.08.19"]
[EventDate "2021.08.19"]
[Round "1.154"]
[White "Birolo, Enzo Bez"]
[WhiteElo "1118"]
[WhiteTeam "Leeds Juniors 4"]
[Black "Ren, Jason"]
[BlackElo "680"]
[BlackTeam "Colchester Juniors C"]
[Result "1-0"]
[PlyCount "35"]

1. Nf3 Nc6 2. d4 d5 3. Bf4 Bf5 4. e3 Nf6 5. Nc3 e6 6. Bb5 Qd7 7. O-O a6 8. Ne5 Qe7 9. Nxc6 bxc6 10. Bxc6+ Kd8 11. Bxa8 Ne4 12. Nxe4 Bxe4 13. c3 Qf6 14. Qb3 Ke7 15. Qb4+ Kd8 16. Qb8+ Kd7 17. Qxc7+ Ke8 18. Bc6# 1-0

[Event "Junior Online 4NCL Division 4"]
[Site "online"]
[Date "2021.08.19"]
[EventDate "2021.08.19"]
[Round "1.155"]
[White "Lipman, Zak"]
[WhiteElo "1127"]
[WhiteTeam "Leeds Juniors 4"]
[Black "Beer, James"]
[BlackElo "1275"]
[BlackTeam "Colchester Juniors C"]
[Result "1-0"]
[PlyCount "151"]

1. d4 d5 2. e3 Bf5 3. Bd3 Bg6 4. Nd2 Nf6 5. f4 Nc6 6. Ngf3 Nb4 7. Ne5 Bh5 8. Ndf3 Ne4 9. c3 Nxd3+ 10. Qxd3 e6 11. Nd2 Nxd2 12. Bxd2 Bd6 13. O-O O-O 14. f5 exf5 15. Qxf5 Bxe5 16. Qxh5 Bd6 17. Rf3 g6 18. Qh6 Qe7 19. Rh3 f6 20. Rf1 Rae8 21. Be1 g5 22. Rhf3 g4 23. Rxf6 Qxe3+ 24. Qxe3 Rxe3 25. Bg3 Ree8 26. Bxd6 Rxf6 27. Rxf6 cxd6 28. Rxd6 Re2 29. Rxd5 Rxb2 30. Ra5 Rc2 31. Rxa7 Rxc3 32. Rxb7 Ra3 33. Rb2 Rd3 34. Rb4 Rd2 35. a4 Ra2 36. d5 Kf7 37. Rxg4 Ke7 38. Rd4 Kd6 39. h3 Ra1+ 40. Kh2 Ra2 41. Kg3 Ra3+ 42. Kf4 Kc5 43. Ke5 Rg3 44. d6 Kc6 45. Ke6 Rg6+ 46. Ke7 Rg7+ 47. Kf6 Rg6+ 48. Kf5 Rxd6 49. Rxd6+ Kxd6 50. g4 Ke7 51. a5 Kd7 52. h4 Kc7 53. g5 Kb7 54. g6 hxg6+ 55. Kxg6 Ka6 56. h5 Kxa5 57. h6 Kb6 58. h7 Kc7 59. h8=Q Kd6 60. Qf6+ Kd5 61. Qf8 Ke5 62. Qf5+ Kd6 63. Qe4 Kc5 64. Kf6 Kd6 65. Qe6+ Kc5 66. Qd7 Kc4 67. Ke5 Kc5 68. Qd5+ Kb4 69. Qc6 Kb3 70. Kd4 Kb4 71. Qc4+ Ka5 72. Qb3 Ka6 73. Kc5 Ka7 74. Kc6 Ka8 75. Kc7 Ka7 76. Qb7# 1-0

[Event "Junior Online 4NCL Division 4"]
[Site "online"]
[Date "2021.08.19"]
[EventDate "2021.08.19"]
[Round "1.156"]
[White "Chung, Vince"]
[WhiteElo "1157"]
[WhiteTeam "Colchester Juniors C"]
[Black "Maniyar, Arnav"]
[BlackElo "1200"]
[BlackTeam "Leeds Juniors 4"]
[Result "1-0"]
[PlyCount "79"]

1. e4 c6 2. d4 d5 3. e5 Bf5 4. Nf3 e6 5. Bd3 Bg6 6. O-O c5 7. c3 c4 8. Qa4+ Qd7 9. Qc2 Nc6 10. Bxg6 hxg6 11. b3 b5 12. bxc4 dxc4 13. Na3 a6 14. Bf4 Nh6 15. Bxh6 Rxh6 16. Rad1 Bxa3 17. Qe4 Ne7 18. Qxa8+ Qd8 19. Qxa6 Bb2 20. Qxb5+ Qd7 21. Qxb2 Nf5 22. Qb8+ Qd8 23. Qb5+ Qd7 24. Qb8+ Qd8 25. Qb5+ Qd7 26. Qxc4 g5 27. Nxg5 Rh5 28. Ne4 Qb7 29. Qa4+ Ke7 30. Nc5 Qd5 31. Qa7+ Kf8 32. Qb8+ Ke7 33. Qc7+ Kf8 34. Qc8+ Ke7 35. c4 Qd8 36. Qb7+ Ke8 37. Qc6+ Ke7 38. d5 Qe8 39. Qc7+ Kf8 40. dxe6 1-0

[Event "Junior Online 4NCL Division 4"]
[Site "online"]
[Date "2021.08.19"]
[EventDate "2021.08.19"]
[Round "1.157"]
[White "Elsabbagh, Ahmed"]
[WhiteElo "1123"]
[WhiteTeam "Leeds Juniors 4"]
[Black "Wilde, Grace"]
[BlackElo "746"]
[BlackTeam "Colchester Juniors C"]
[Result "1-0"]
[PlyCount "45"]

1. e4 e5 2. Nf3 Nc6 3. Bb5 Bc5 4. c3 Nf6 5. d4 exd4 6. cxd4 Bxd4 7. Nxd4 Nxd4 8. Qxd4 c6 9. Ba4 b5 10. Bb3 Bb7 11. Nc3 O-O 12. Bg5 Rb8 13. O-O Re8 14. e5 Rc8 15. exf6 c5 16. Qf4 c4 17. fxg7 Qxg5 18. Qxg5 cxb3 19. axb3 a6 20. Rfe1 Red8 21. h3 b4 22. Ne4 Rc2 23. Nf6# 1-0

[Event "Junior Online 4NCL Division 4"]
[Site "online"]
[Date "2021.08.19"]
[EventDate "2021.08.19"]
[Round "1.158"]
[White "Ren, Jason"]
[WhiteElo "680"]
[WhiteTeam "Colchester Juniors C"]
[Black "Birolo, Enzo Bez"]
[BlackElo "1118"]
[BlackTeam "Leeds Juniors 4"]
[Result "0-1"]
[PlyCount "72"]

1. d4 d5 2. Nc3 Bf5 3. Bf4 e6 4. Nf3 Bb4 5. e3 Nf6 6. Ne5 Ne4 7. Bd3 Nxc3 8. a3 Nxd1+ 9. Kxd1 Bxd3 10. Nxd3 Be7 11. Re1 O-O 12. Rc1 Nc6 13. f3 Bd6 14. Bxd6 Qxd6 15. Rh1 e5 16. dxe5 Nxe5 17. Nf2 c6 18. f4 Nc4 19. Nd3 Nxe3+ 20. Kd2 Nxg2 21. Rcf1 Rfe8 22. Rhg1 Ne3 23. Rf3 Nf5 24. Rg5 Nd4 25. Rfg3 g6 26. f5 Re2+ 27. Kc3 Nb5+ 28. Kb3 c5 29. Nc1 c4+ 30. Ka4 Rxc2 31. Kxb5 Rxc1 32. Rg2 c3 33. bxc3 Rxc3 34. Ka4 Qxa3+ 35. Kb5 Qb3+ 36. Ka5 Rc5# 0-1

[Event "Junior Online 4NCL Division 4"]
[Site "online"]
[Date "2021.08.19"]
[EventDate "2021.08.19"]
[Round "1.161"]
[White "Sewell, John"]
[WhiteElo "1150"]
[WhiteTeam "Staffordshire Oatcakes"]
[Black "Ta, Duc"]
[BlackElo "1275"]
[BlackTeam "Wanstead Warriors 3"]
[Result "1-0"]
[PlyCount "101"]

1. d4 d5 2. c4 e6 3. Nf3 Nf6 4. Nc3 Bb4 5. Bd2 Nc6 6. a3 Be7 7. g3 O-O 8. Bg2 b6 9. O-O Ba6 10. cxd5 exd5 11. b4 Bc4 12. Qa4 Qd7 13. b5 Na5 14. Rab1 Bd6 15. Rfe1 Rfe8 16. Bg5 Ne4 17. Nxe4 dxe4 18. Nd2 Bd5 19. Rec1 Qg4 20. Be3 Qxe2 21. Re1 Qd3 22. Bf1 Qxa3 23. Qxa3 Bxa3 24. Ra1 Bb4 25. Reb1 Bxd2 26. Bxd2 Bc4 27. Bxa5 Bxf1 28. Kxf1 bxa5 29. Rxa5 Reb8 30. Ke2 a6 31. Ke3 c6 32. b6 Rb7 33. Kxe4 Kf8 34. f4 f6 35. d5 cxd5+ 36. Kxd5 Ke7 37. Kc6 Rbb8 38. b7 Ra7 39. Kc7 Rbxb7+ 40. Rxb7 Rxb7+ 41. Kxb7 Ke6 42. Rxa6+ Kf5 43. Ra2 Kg4 44. Kc7 Kh3 45. Kd7 Kg4 46. Ke7 Kh5 47. Kf7 Kh6 48. h3 f5 49. Ra6+ Kh5 50. Kxg7 h6 51. Rxh6# 1-0

[Event "Junior Online 4NCL Division 4"]
[Site "online"]
[Date "2021.08.19"]
[EventDate "2021.08.19"]
[Round "1.162"]
[White "Fearn, Elliot"]
[WhiteElo "1100"]
[WhiteTeam "Wanstead Warriors 3"]
[Black "Birch, Cade"]
[BlackElo "1100"]
[BlackTeam "Staffordshire Oatcakes"]
[Result "0-1"]
[PlyCount "36"]

1. e4 c5 2. c3 Nc6 3. Nf3 d6 4. d4 cxd4 5. cxd4 d5 6. exd5 Qxd5 7. Nc3 Qa5 8. d5 Nb4 9. Bb5+ Bd7 10. Bxd7+ Kxd7 11. O-O Nf6 12. Ne5+ Ke8 13. Nc4 Qc7 14. d6 Qxc4 15. dxe7 Bxe7 16. Qe1 Qh4 17. Be3 Ng4 18. Bc5 Qxh2# 0-1

[Event "Junior Online 4NCL Division 4"]
[Site "online"]
[Date "2021.08.19"]
[EventDate "2021.08.19"]
[Round "1.163"]
[White "Sohi, Sehej"]
[WhiteElo "984"]
[WhiteTeam "Staffordshire Oatcakes"]
[Black "Shivhare, Shaurya"]
[BlackElo "1075"]
[BlackTeam "Wanstead Warriors 3"]
[Result "1-0"]
[PlyCount "59"]

1. e4 e5 2. Nf3 Nc6 3. Bc4 Bc5 4. O-O a6 5. d3 b5 6. Bg5 f6 7. Nxe5 Nxe5 8. Bd5 Rb8 9. Bf4 Ne7 10. Nc3 Nxd5 11. Nxd5 c6 12. Bxe5 fxe5 13. Nc3 Qh4 14. Qf3 d5 15. exd5 Bg4 16. Qe4 Qg5 17. Rfe1 Bf5 18. Qxe5+ Be7 19. Qxb8+ Kf7 20. Qxh8 Bh3 21. g3 Qg4 22. Re3 Bg5 23. Qe8+ Kf6 24. Qf8+ Kg6 25. Re6+ Kh5 26. Qxg7 Qf3 27. Qxh7+ Kg4 28. Qe4+ Qxe4 29. dxe4 Kh5 30. Rxc6 1-0

[Event "Junior Online 4NCL Division 4"]
[Site "online"]
[Date "2021.08.19"]
[EventDate "2021.08.19"]
[Round "1.164"]
[White "Dasari, Karthik"]
[WhiteElo "1115"]
[WhiteTeam "Wanstead Warriors 3"]
[Black "Birch, Cara"]
[BlackElo "900"]
[BlackTeam "Staffordshire Oatcakes"]
[Result "1-0"]
[PlyCount "161"]

1. e4 e5 2. Nf3 Nc6 3. Nc3 Bb4 4. Bb5 a6 5. Bxc6 dxc6 6. Nxe5 Be6 7. Nf3 f5 8. exf5 Bxf5 9. O-O Be7 10. Re1 Bd7 11. Ne5 Be6 12. Nxc6 bxc6 13. Rxe6 Qd7 14. Re1 Nh6 15. d3 Nf5 16. Qg4 Nd4 17. Qxd7+ Kxd7 18. Rb1 Bb4 19. Re4 Nxc2 20. a3 Bc5 21. Na4 Ba7 22. Be3 Nxe3 23. fxe3 Rhe8 24. Re7+ Kxe7 25. Rc1 Kd6 26. d4 Rxe3 27. Rd1 Re4 28. Nc5 Re3 29. Nxa6 c5 30. Nxc5 Bxc5 31. dxc5+ Kxc5 32. Rd7 Kc6 33. Rxg7 Rh8 34. Kf2 Re6 35. Kf3 Rf6+ 36. Kg4 Kb7 37. Kg5 Rf1 38. Kh6 Rh1 39. h3 Kb6 40. Rf7 c5 41. Rf6+ Kb5 42. Rf4 c4 43. Kg7 Rd8 44. Kxh7 Rd6 45. g4 Rxh3+ 46. Kg7 Rhh6 47. Rf5+ Kc6 48. g5 Rhe6 49. Rf6 Rxf6 50. gxf6 Rd8 51. f7 Kd6 52. f8=Q+ Rxf8 53. Kxf8 Kd5 54. a4 Kc6 55. a5 Kb7 56. Ke7 Ka6 57. Kd6 Kxa5 58. Kc5 Ka4 59. Kxc4 Ka5 60. b4+ Kb6 61. b5 Kb7 62. Kc5 Ka7 63. b6+ Kb7 64. Kb5 Kc8 65. Ka6 Kb8 66. b7 Kc7 67. Ka7 Kd6 68. b8=Q+ Kd7 69. Qb4 Ke6 70. Qd4 Kf5 71. Kb6 Ke6 72. Kc6 Kf5 73. Qe3 Kg4 74. Kd5 Kf5 75. Qf3+ Kg5 76. Ke5 Kg6 77. Ke6 Kg5 78. Qf5+ Kh6 79. Qg4 Kh7 80. Kf7 Kh6 81. Qg6# 1-0

[Event "Junior Online 4NCL Division 4"]
[Site "online"]
[Date "2021.08.19"]
[EventDate "2021.08.19"]
[Round "1.165"]
[White "Ta, Duc"]
[WhiteElo "1275"]
[WhiteTeam "Wanstead Warriors 3"]
[Black "Sewell, John"]
[BlackElo "1150"]
[BlackTeam "Staffordshire Oatcakes"]
[Result "0-1"]
[PlyCount "148"]

1. d4 d5 2. Bf4 Nf6 3. e3 e6 4. Nf3 c5 5. c3 Nc6 6. Nbd2 Bd6 7. Bg3 h6 8. Bd3 O-O 9. Ne5 cxd4 10. cxd4 Nb4 11. Bc2 Qc7 12. Bb3 Bxe5 13. dxe5 Nd7 14. Nf3 Qa5 15. O-O Nc5 16. Bh4 Re8 17. Ne1 Bd7 18. a3 Nc6 19. Nf3 Qc7 20. Bg3 Na5 21. Bc2 Qb6 22. b4 Rac8 23. bxa5 Qxa5 24. Nd4 a6 25. Qe1 Qc7 26. Rc1 b5 27. Nb3 Qb6 28. Nxc5 Rxc5 29. Qb4 Rec8 30. Qb2 Qc7 31. Bh4 Rxc2 32. Rxc2 Qxc2 33. Qxc2 Rxc2 34. Ra1 g5 35. Bg3 Kg7 36. Kf1 h5 37. h3 h4 38. Bh2 a5 39. g3 hxg3 40. Bxg3 b4 41. axb4 Bb5+ 42. Ke1 axb4 43. Rb1 Rc4 44. Kd2 g4 45. h4 Kg6 46. Ke2 Rc1+ 47. Kd2 Rxb1 48. Kc2 Re1 49. Kb3 Bc4+ 50. Kxb4 Rb1+ 51. Kc5 Kf5 52. Kd4 Rd1+ 53. Kc3 Ke4 54. Kc2 Ra1 55. Kb2 Ra2+ 56. Kc3 Ra8 57. Kd2 Rf8 58. Kc3 f6 59. Kb4 fxe5 60. Kc5 Rf3 61. h5 Rf8 62. Kd6 Rh8 63. Bxe5 Rxh5 64. Bg3 e5 65. Kc5 Bf1 66. Kd6 d4 67. exd4 exd4 68. Kc6 d3 69. Kb6 d2 70. Kc6 d1=Q 71. Kb6 Qb3+ 72. Kc6 Qe6+ 73. Kc7 Rh7+ 74. Kd8 Qg8# 0-1

[Event "Junior Online 4NCL Division 4"]
[Site "online"]
[Date "2021.08.19"]
[EventDate "2021.08.19"]
[Round "1.166"]
[White "Birch, Cade"]
[WhiteElo "1100"]
[WhiteTeam "Staffordshire Oatcakes"]
[Black "Fearn, Elliot"]
[BlackElo "1100"]
[BlackTeam "Wanstead Warriors 3"]
[Result "1-0"]
[PlyCount "137"]

1. c4 e5 2. Nc3 f5 3. Nf3 Nc6 4. Qc2 Nh6 5. Ng5 Qxg5 6. h4 Qf4 7. g3 Qxc4 8. e3 Qd5 9. Nxd5 Bd6 10. f4 exf4 11. exf4 Nd4 12. Qc4 Nf3+ 13. Kd1 Ng4 14. Rg1 Nxg1 15. Bd3 O-O 16. Bxf5 Rxf5 17. Ne7+ Kf8 18. Nxf5 Be7 19. Qc3 Bf6 20. Nd4 Nf3 21. Qxf3 Nh2 22. Qh5 Bxd4 23. Qxh7 d6 24. Rb1 Bg4+ 25. Ke1 Nf3+ 26. Kf1 Bh3+ 27. Ke2 Bg4 28. Qh8+ Kf7 29. Qxa8 b6 30. Qxf3 Bxf3+ 31. Kxf3 c5 32. f5 Kf6 33. Kf4 Be5+ 34. Kg4 g6 35. h5 gxf5+ 36. Kh4 Bxg3+ 37. Kxg3 Kg5 38. d3+ Kf6 39. Kh4 f4 40. Bxf4 Kf5 41. h6 Kxf4 42. Kh5 d5 43. Kg6 c4 44. h7 cxd3 45. Rd1 Ke3 46. h8=Q Ke2 47. Rxd3 Kxd3 48. Qh1 Kc2 49. Qxd5 Kxb2 50. Qc4 a5 51. Qa4 b5 52. Qxa5 b4 53. Qe5+ Kb1 54. Kg5 b3 55. axb3 Ka2 56. Qc5 Kb2 57. Kf4 Ka2 58. Ke3 Kb2 59. Qc4 Ka3 60. Qb5 Ka2 61. Qb4 Kb1 62. Kd2 Kb2 63. Qc3+ Ka3 64. b4+ Ka4 65. Kc2 Kb5 66. Qc7 Kxb4 67. Qc6 Ka3 68. Qb5 Ka2 69. Qa5# 1-0

[Event "Junior Online 4NCL Division 4"]
[Site "online"]
[Date "2021.08.19"]
[EventDate "2021.08.19"]
[Round "1.167"]
[White "Shivhare, Shaurya"]
[WhiteElo "1075"]
[WhiteTeam "Wanstead Warriors 3"]
[Black "Sohi, Sehej"]
[BlackElo "984"]
[BlackTeam "Staffordshire Oatcakes"]
[Result "0-1"]
[PlyCount "56"]

1. e4 e5 2. Nf3 Nc6 3. Nc3 Nf6 4. Bc4 Nxe4 5. Nxe4 d5 6. Bxd5 Qxd5 7. Nc3 Qd8 8. d3 Be7 9. O-O O-O 10. Ne4 h6 11. Nfd2 Nd4 12. c3 Nf5 13. Qg4 Ne3 14. Qg3 Nxf1 15. Kxf1 Bh4 16. Qxh4 Qxh4 17. g3 Qxh2 18. Nc5 Bh3+ 19. Ke2 Bg4+ 20. Ke3 b6 21. Nd7 Rfd8 22. Nxe5 Bf5 23. g4 Qxe5+ 24. Kf3 Rxd3+ 25. Kg2 Be4+ 26. Nxe4 Qxe4+ 27. Kg1 Qxg4+ 28. Kf1 Rd1# 0-1

[Event "Junior Online 4NCL Division 4"]
[Site "online"]
[Date "2021.08.19"]
[EventDate "2021.08.19"]
[Round "1.168"]
[White "Birch, Cara"]
[WhiteElo "900"]
[WhiteTeam "Staffordshire Oatcakes"]
[Black "Dasari, Karthik"]
[BlackElo "1115"]
[BlackTeam "Wanstead Warriors 3"]
[Result "0-1"]
[PlyCount "62"]

1. d4 d5 2. Nf3 Nc6 3. Nc3 Nf6 4. Bg5 Bg4 5. h3 Bxf3 6. Bxf6 exf6 7. gxf3 Bd6 8. Bg2 Bb4 9. a3 Ba5 10. b4 Bb6 11. e3 Qe7 12. Na4 Bxd4 13. f4 Bxa1 14. Qxa1 d4 15. e4 f5 16. e5 f6 17. e6 Qxe6+ 18. Kf1 O-O 19. c4 Qxc4+ 20. Kg1 Rfe8 21. Nb2 Qc3 22. Bd5+ Kh8 23. Bf7 Re1+ 24. Kg2 Rxa1 25. Rxa1 Qxb2 26. Rh1 Qxa3 27. b5 Nd8 28. Be8 Ne6 29. Bd7 Nxf4+ 30. Kh2 Qxh3+ 31. Kg1 Qg2# 0-1

[Event "Junior Online 4NCL Division 4"]
[Site "online"]
[Date "2021.08.19"]
[EventDate "2021.08.19"]
[Round "1.172"]
[White "Raj, Anrudh"]
[WhiteElo "1210"]
[WhiteTeam "Crowthorne Juniors"]
[Black "Ragu, Sachin"]
[BlackElo "1281"]
[BlackTeam "Leeds Juniors 3"]
[Result "0-1"]
[PlyCount "60"]

1. e4 e5 2. Nc3 Nf6 3. Bc4 Bc5 4. d3 Nc6 5. f4 d6 6. Nf3 Bg4 7. h3 Bxf3 8. Qxf3 Nd4 9. Bb5+ c6 10. Qf2 Nxb5 11. Nxb5 Bxf2+ 12. Kxf2 Qb6+ 13. Be3 Qxb5 14. b3 O-O 15. fxe5 Qxe5 16. Rae1 Qb2 17. Rb1 Qxc2+ 18. Kg1 Qxb1+ 19. Kh2 Qxd3 20. Bg5 Nxe4 21. Bh4 d5 22. Be7 Rfe8 23. Bh4 Qc2 24. Re1 Qxa2 25. Re3 d4 26. Rd3 Rad8 27. Bxd8 Rxd8 28. Rd1 Qxb3 29. Re1 Nf6 30. Re7 Re8 0-1

[Event "Junior Online 4NCL Division 4"]
[Site "online"]
[Date "2021.08.19"]
[EventDate "2021.08.19"]
[Round "1.173"]
[White "Beatham, Christopher"]
[WhiteElo "1249"]
[WhiteTeam "Leeds Juniors 3"]
[Black "Pahwa, Aarav"]
[BlackElo "1200"]
[BlackTeam "Crowthorne Juniors"]
[Result "1-0"]
[PlyCount "73"]

1. e4 d5 2. exd5 Qxd5 3. Nc3 Qe5+ 4. Qe2 Qxe2+ 5. Bxe2 Nf6 6. d3 Nc6 7. Bf4 Bf5 8. Nf3 O-O-O 9. O-O-O e5 10. Bxe5 Nxe5 11. Nxe5 Bb4 12. Nxf7 Bxc3 13. bxc3 Rdf8 14. Nxh8 Rxh8 15. Bf3 Re8 16. Rhe1 Rxe1 17. Rxe1 c6 18. Kb2 b5 19. Bxc6 Nd7 20. Bxb5 Nc5 21. Re5 Na4+ 22. Bxa4 Bd7 23. Bxd7+ Kxd7 24. Kb3 Kd6 25. Ra5 g6 26. Rxa7 h5 27. a4 g5 28. a5 Kc6 29. a6 Kb6 30. Rg7 g4 31. a7 h4 32. a8=Q h3 33. g3 Kb5 34. Qb7+ Kc5 35. Rg5+ Kd6 36. Qb6+ Ke7 37. Rg7+ 1-0

[Event "Junior Online 4NCL Division 4"]
[Site "online"]
[Date "2021.08.19"]
[EventDate "2021.08.19"]
[Round "1.174"]
[White "De Silva, Dylan"]
[WhiteElo "962"]
[WhiteTeam "Crowthorne Juniors"]
[Black "Braunstein, Yael"]
[BlackElo "1228"]
[BlackTeam "Leeds Juniors 3"]
[Result "1-0"]
[PlyCount "42"]

1. e4 c6 2. Nf3 d5 3. exd5 cxd5 4. Nc3 Nf6 5. d3 Nc6 6. Bf4 Bf5 7. Nb5 Qa5+ 8. Nc3 e6 9. Bd2 Qb4 10. Nxd5 Qxb2 11. Nc7+ Kd7 12. Nxa8 Bb4 13. Bxb4 Qxb4+ 14. Nd2 Rxa8 15. Rb1 Qa5 16. Rxb7+ Ke8 17. Be2 Qxa2 18. O-O Rd8 19. Qb1 Qd5 20. Bf3 Qd4 21. Bxc6+ Kf8 1-0

[Event "Junior Online 4NCL Division 4"]
[Site "online"]
[Date "2021.08.19"]
[EventDate "2021.08.19"]
[Round "1.176"]
[White "Ragu, Sachin"]
[WhiteElo "1281"]
[WhiteTeam "Leeds Juniors 3"]
[Black "Raj, Anrudh"]
[BlackElo "1210"]
[BlackTeam "Crowthorne Juniors"]
[Result "0-1"]
[PlyCount "104"]

1. e4 d6 2. d4 f5 3. Nc3 Nf6 4. Bd3 g6 5. Nf3 Bg7 6. O-O Nc6 7. a3 fxe4 8. Nxe4 Nxe4 9. Bxe4 O-O 10. Re1 Bg4 11. h3 Bxf3 12. Bxf3 Nxd4 13. Be3 Nxf3+ 14. gxf3 Bxb2 15. Rb1 Bxa3 16. Qd5+ Rf7 17. Qxb7 Qf8 18. Qxc7 Rxf3 19. Bxa7 Rc8 20. Qxc8 Qxc8 21. Rb8 Qxb8 22. Bxb8 Rxh3 23. Rxe7 d5 24. Rd7 Rc3 25. Rd8+ Bf8 26. Bd6 Rxc2 27. Bxf8 Rc1+ 28. Kg2 Rc4 29. Kg3 d4 30. f3 h5 31. Ba3+ Kh7 32. Rd7+ Kh6 33. Bf8+ Kg5 34. Rd5+ Kf6 35. Rc5 h4+ 36. Kxh4 g5+ 37. Rxg5 d3+ 38. Rg4 Rxg4+ 39. fxg4 d2 40. g5+ Kg6 41. Kg4 d1=Q+ 42. Kh4 Qh5+ 43. Kg3 Qxg5+ 44. Kf3 Qf6+ 45. Kg4 Qxf8 46. Kh4 Qf4+ 47. Kh3 Qf3+ 48. Kh2 Kg5 49. Kg1 Qe2 50. Kh1 Kg4 51. Kg1 Kg3 52. Kh1 Qh2# 0-1

[Event "Junior Online 4NCL Division 4"]
[Site "online"]
[Date "2021.08.19"]
[EventDate "2021.08.19"]
[Round "1.177"]
[White "Pahwa, Aarav"]
[WhiteElo "1200"]
[WhiteTeam "Crowthorne Juniors"]
[Black "Beatham, Christopher"]
[BlackElo "1249"]
[BlackTeam "Leeds Juniors 3"]
[Result "1/2-1/2"]
[PlyCount "78"]

1. e4 c6 2. Nf3 d5 3. Nc3 Bg4 4. h3 Bxf3 5. gxf3 Nf6 6. Bd3 e5 7. b4 Bxb4 8. Bb2 O-O 9. Qe2 Nbd7 10. Kd1 Qa5 11. Rg1 d4 12. Rb1 dxc3 13. dxc3 Bc5 14. c4 Qxa2 15. c3 Qb3+ 16. Bc2 Qb6 17. Bd3 a6 18. Bc1 Qa7 19. Bg5 h6 20. Bxf6 Nxf6 21. h4 Bxf2 22. Rg2 Bxh4 23. Rh2 Bg5 24. Rg2 a5 25. c5 a4 26. Qf2 a3 27. Bc4 Rfd8+ 28. Bd3 Rxd3+ 29. Ke2 Rd2+ 30. Kf1 Rxf2+ 31. Rxf2 a2 32. Ra1 Qxc5 33. Rd2 Bxd2 34. Ke2 Qxc3 35. Rd1 a1=Q 36. Rxa1 Rxa1 37. Kf2 Be1+ 38. Kg2 Qd2+ 39. Kh3 Ra3 1/2-1/2

[Event "Junior Online 4NCL Division 4"]
[Site "online"]
[Date "2021.08.19"]
[EventDate "2021.08.19"]
[Round "1.178"]
[White "Braunstein, Yael"]
[WhiteElo "1228"]
[WhiteTeam "Leeds Juniors 3"]
[Black "De Silva, Dylan"]
[BlackElo "962"]
[BlackTeam "Crowthorne Juniors"]
[Result "1-0"]
[PlyCount "135"]

1. c4 e5 2. g3 Nc6 3. Nc3 Nf6 4. Bg2 Bc5 5. d3 O-O 6. Bg5 Be7 7. e3 h6 8. Bh4 Nh7 9. Bxe7 Qxe7 10. Nd5 Qd6 11. d4 exd4 12. exd4 Nb4 13. Ne2 Nxd5 14. Bxd5 Nf6 15. Bg2 Re8 16. O-O Ne4 17. Qd3 Nc5 18. Qd2 Na6 19. a3 Qg6 20. Rfe1 d6 21. Rac1 Bg4 22. Nf4 Rxe1+ 23. Rxe1 Qg5 24. Bxb7 Rb8 25. Bxa6 c6 26. c5 dxc5 27. dxc5 Qxc5 28. Be2 Bf5 29. b4 Qb6 30. Qd6 Rd8 31. Qc5 Qxc5 32. bxc5 Re8 33. Kf1 g5 34. Nh5 Bh3+ 35. Kg1 Re6 36. f4 Bg4 37. Kf2 Bxe2 38. Rxe2 Rxe2+ 39. Kxe2 Kh7 40. Ke3 Kg6 41. g4 f5 42. h3 fxg4 43. hxg4 gxf4+ 44. Kxf4 a6 45. Ng3 Kf6 46. Ne4+ Kg6 47. Nd6 h5 48. Nc8 hxg4 49. Kxg4 Kf7 50. Na7 Ke7 51. Nxc6+ Kd7 52. Nb8+ Kc7 53. Nxa6+ Kc6 54. a4 Kb7 55. Nb4 Kc7 56. Nd3 Kc6 57. Kf4 Kd5 58. a5 Kc6 59. Ke5 Kb7 60. Kd6 Ka6 61. c6 Ka7 62. c7 Kb7 63. Kd7 Ka6 64. c8=Q+ Kxa5 65. Qb8 Ka4 66. Kc6 Ka3 67. Kc5 Ka2 68. Qb2# 1-0

[Event "Junior Online 4NCL Division 4"]
[Site "online"]
[Date "2021.08.19"]
[EventDate "2021.08.19"]
[Round "1.181"]
[White "Vyas, Miraya"]
[WhiteElo "1053"]
[WhiteTeam "Leeds Juniors 5"]
[Black "Hany Kamal, Mohamed"]
[BlackElo "1718"]
[BlackTeam "Golden Falcons Junior 1"]
[Result "0-1"]
[PlyCount "62"]

1. e4 c5 2. Nf3 e6 3. Bc4 Nc6 4. O-O a6 5. d4 cxd4 6. Nxd4 Qc7 7. Nxc6 bxc6 8. Be3 Nf6 9. Nc3 d5 10. exd5 cxd5 11. Bb3 Be7 12. Ba4+ Bd7 13. Bxd7+ Qxd7 14. Ne2 O-O 15. Qd3 Rfb8 16. Qd4 Bd6 17. Bf4 Bxf4 18. Nxf4 Qc7 19. Rac1 Qa5 20. a3 Qb5 21. b4 a5 22. bxa5 Qxa5 23. Rb1 Rc8 24. Rb7 Qxa3 25. Nd3 Qc3 26. Qh4 Rcb8 27. Rxb8+ Rxb8 28. Nf4 Qxc2 29. Qg5 Rb1 30. h3 Rxf1+ 31. Kxf1 Qd1# 0-1